El Nacionalisme en el teatre / Ventura Gassol
Publicado:
Barcelona :
Escola Catalana d'Art Dramàtic de la Mancomunitat de Catalunya : Ajuntament de Barcelona ,
1923
Descripción Física:
20 p. ; 25 cm
MARC
| LEADER | 00000nam a2200000Ia 4500 | ||
|---|---|---|---|
| 001 | 8237 | ||
| 008 | 160829s1923 xx 000 0 cat d | ||
| 080 | |a RF-6-13 | ||
| 100 | 1 | |a Gassol, Ventura, |d 1893-1980 |9 28421 | |
| 245 | |a El Nacionalisme en el teatre / Ventura Gassol | ||
| 260 | |a Barcelona : |b Escola Catalana d'Art Dramàtic de la Mancomunitat de Catalunya : |b Ajuntament de Barcelona, |c 1923 | ||
| 300 | |a 20 p. ; |c 25 cm | ||
| 650 | |a Teatre |9 20099 | ||
| 650 | 0 | |a Nacionalisme |z Catalunya |9 11008 | |
| 710 | 2 | |a Catalunya. |b Mancomunitat |9 53015 | |
| 710 | 1 | |a Barcelona (Catalunya). |b Ajuntament |9 50981 | |
| 710 | 2 | |a Escola Catalana d'Art Dramàtic |9 55259 | |
| 856 | 4 | |u https://media.diba.cat/diba/fitxers/arxiu/fulletons/bib_8237_1923_baixa.pdf |y Accés lliure | |
| 856 | 4 | |u https://media.diba.cat/diba/fitxers/arxiu/fulletons/bib_8237_1923_baixa.pdf |y Accés lliure | |
| 901 | |a Arxiu | ||
| 942 | |n 1 |2 udc | ||
| 952 | |0 0 |1 0 |4 0 |6 RF613 |7 1 |9 44809 |a Arxiu |b Arxiu |d 2016-12-01 |l 0 |o RF-6-13 |p 8237 |r 2016-12-01 00:00:00 |w 2016-12-01 |y ARXIU | ||
| 999 | |c 47407 |d 47407 | ||
| 900 | |a bib_8237_1923_baixa.pdf | ||